[Event "Chigorin Memorial 24th"]
[Site "St Petersburg"]
[Date "2016.10.16"]
[Round "2"]
[White "Abdusattorov, Nodirbek"]
[Black "Reshetnikov, Ruslan"]
[Result "1-0"]
[WhiteElo "2395"]
[BlackElo "2196"]
[PlyCount "37"]
[EventDate "2016.10.15"]
[EventType "swiss"]
[EventRounds "9"]
[EventCountry "RUS"]
[SourceTitle "CBM 175 Extra"]
[Source "ChessBase"]
[SourceDate "2016.12.12"]
[SourceVersion "1"]
[SourceVersionDate "2016.12.12"]
[SourceQuality "1"]

1. e4 e6 2. d4 d5 3. Nd2 Be7 4. e5 c5 5. c3 Nc6 6. Bd3 Nh6 7. Ne2 Nf5 8. Nf3 0-0 9. 0-0 Rb8 10. Bf4 Ra8 11. Bxf5 exf5 12. dxc5 Bxc5 13. Qd3 Be6 14. Be3 Be7 15. Ned4 Qd7 16. Rad1 Na5 17. Bg5 Bxg5 18. Nxg5 Nc4 19. Ndxe6 1-0

[Event "RUS-chT U18"]
[Site "St Petersburg"]
[Date "2015.08.06"]
[Round "6.47"]
[White "Antonian, Grant"]
[Black "Reshetnikov, Ruslan"]
[Result "1/2-1/2"]
[WhiteElo "1869"]
[BlackElo "2149"]
[PlyCount "93"]
[EventDate "2015.08.01"]
[EventType "team-swiss"]
[EventRounds "9"]
[EventCountry "RUS"]
[SourceTitle "CBM 167 Extra"]
[Source "ChessBase"]
[SourceDate "2015.09.14"]
[SourceVersion "1"]
[SourceVersionDate "2015.09.14"]
[SourceQuality "1"]
[WhiteTeam "Moscow Palace Youth III"]
[BlackTeam "SPbRDOO Peter Rook II"]
[WhiteTeamCountry "RUS"]
[BlackTeamCountry "RUS"]

1. e4 d6 2. d4 Nf6 3. Nc3 Nbd7 4. Nf3 e5 5. Bc4 Be7 6. 0-0 0-0 7. h3 c6 8. a4 b6 9. Re1 a6 10. Bg5 Qc7 11. d5 Bb7 12. dxc6 Bxc6 13. Qe2 Bb7 14. Rad1 Rfc8 15. Ba2 Bc6 16. Qc4 Nc5 17. Qxf7+ Kh8 18. Bxf6 Bxf6 19. Qxc7 Rxc7 20. Bd5 Rac8 21. b3 Be8 22. Bc4 Rb8 23. Rxd6 b5 24. axb5 axb5 25. Nd5 Rc6 26. Rxc6 Bxc6 27. Bd3 Bxd5 28. exd5 Nxd3 29. cxd3 Rd8 30. Nxe5 Rxd5 31. Nf3 Kg8 32. Re3 Bc3 33. Kf1 b4 34. d4 Ra5 35. Rd3 Kf8 36. Ke2 Ra2+ 37. Ke3 Rb2 38. d5 Ke7 39. d6+ Kd7 40. Ng5 Rxb3 41. Ne4 Ra3 42. Nc5+ Kc6 43. d7 Bf6 44. Ne4 Be7 45. Kd2 Rxd3+ 46. Kxd3 Kxd7 47. Nd2 1/2-1/2

[Event "Samara Polugaevsky Memorial 5th"]
[Site "Samara"]
[Date "2015.07.10"]
[Round "8"]
[White "Egorov, Pavel"]
[Black "Reshetnikov, Ruslan"]
[Result "1/2-1/2"]
[WhiteElo "2198"]
[BlackElo "2068"]
[PlyCount "82"]
[EventDate "2015.07.03"]
[EventType "swiss"]
[EventRounds "9"]
[EventCountry "RUS"]
[SourceTitle "EXT 2017"]
[Source "ChessBase"]
[SourceDate "2016.10.25"]
[SourceVersion "1"]
[SourceVersionDate "2016.10.25"]
[SourceQuality "1"]

1. d4 Nf6 2. c4 g6 3. Nc3 Bg7 4. e4 d6 5. Nf3 0-0 6. h3 e5 7. d5 a5 8. Be3 Na6 9. Nd2 Ne8 10. g4 Nf6 11. Be2 Nd7 12. a3 Rb8 13. Qc2 Ndc5 14. 0-0-0 f5 15. gxf5 gxf5 16. Rhg1 Kh8 17. Rg2 Qf6 18. Bg5 Qf7 19. Rdg1 Bd7 20. Qd1 Bf6 21. Bh6 Rg8 22. Bh5 Qe7 23. Nf3 Rxg2 24. Rxg2 Rg8 25. Rxg8+ Kxg8 26. Qg1+ Bg7 27. Nd2 Kh8 28. Bg5 Qf8 29. Qg3 fxe4 30. Ndxe4 Nxe4 31. Nxe4 Bf5 32. Bf3 Bxe4 33. Bxe4 Bh6 34. Kb1 Nc5 35. Qh4 Nxe4 36. Bxh6 Qf6 37. Qxe4 Qxh6 38. Qf3 Kg7 39. Kc2 Qh4 40. Kb3 Qd4 41. Qf5 a4+ 1/2-1/2

[Event "Samara Polugaevsky Memorial 5th"]
[Site "Samara"]
[Date "2015.07.07"]
[Round "5"]
[White "Reshetnikov, Ruslan"]
[Black "Drygalov, Andrey"]
[Result "1/2-1/2"]
[WhiteElo "2068"]
[BlackElo "2305"]
[PlyCount "95"]
[EventDate "2015.07.03"]
[EventType "swiss"]
[EventRounds "9"]
[EventCountry "RUS"]
[SourceTitle "EXT 2017"]
[Source "ChessBase"]
[SourceDate "2016.10.25"]
[SourceVersion "1"]
[SourceVersionDate "2016.10.25"]
[SourceQuality "1"]

1. c4 Nf6 2. Nf3 e6 3. Nc3 Bb4 4. g3 0-0 5. a3 Bxc3 6. bxc3 d6 7. Bg2 e5 8. 0-0 Qe7 9. d3 Nbd7 10. e4 Nc5 11. h3 Bd7 12. Bg5 b5 13. cxb5 Bxb5 14. Ne1 Ba4 15. Qe2 h6 16. Be3 Rab8 17. f4 Nfd7 18. fxe5 dxe5 19. Nf3 Rb3 20. Nh4 Qe6 21. Nf5 Kh7 22. d4 Bb5 23. Qg4 Qg6 24. dxc5 Qxg4 25. hxg4 Bxf1 26. Bxf1 Rxc3 27. Bd2 Rb3 28. Bc4 Rbb8 29. Ba5 c6 30. Bc7 Rb2 31. Bd6 Rd8 32. Bxf7 Re2 33. Ne7 Nf6 34. Bg6+ Kh8 35. Nxc6 Rc8 36. Nxe5 Nxe4 37. Bf5 Re8 38. Ng6+ Kg8 39. Nf4 Rd2 40. Bxe4 Rxe4 41. Rc1 Re8 42. Bc7 g5 43. Ba5 Ra2 44. Nd5 Ree2 45. Nc3 Rg2+ 46. Kf1 Raf2+ 47. Ke1 Rb2 48. Kf1 1/2-1/2

[Event "Samara Polugaevsky Memorial 5th"]
[Site "Samara"]
[Date "2015.07.06"]
[Round "4"]
[White "Kolomensky, Vladimir"]
[Black "Reshetnikov, Ruslan"]
[Result "0-1"]
[WhiteElo "2239"]
[BlackElo "2068"]
[PlyCount "100"]
[EventDate "2015.07.03"]
[EventType "swiss"]
[EventRounds "9"]
[EventCountry "RUS"]
[SourceTitle "EXT 2017"]
[Source "ChessBase"]
[SourceDate "2016.10.25"]
[SourceVersion "1"]
[SourceVersionDate "2016.10.25"]
[SourceQuality "1"]

1. e4 e6 2. d4 d5 3. Nd2 Be7 4. Ngf3 Nf6 5. Bd3 c5 6. e5 Nfd7 7. c3 Nc6 8. 0-0 g5 9. h3 h5 10. g4 hxg4 11. hxg4 Qb6 12. Qa4 a6 13. Kg2 Qa7 14. dxc5 Nxc5 15. Qc2 Nd7 16. Nb3 Ndxe5 17. Nxe5 Nxe5 18. Be3 Qb8 19. Rh1 Rf8 20. f3 Bd7 21. Nd4 Qc7 22. Be2 Ng6 23. Qd2 0-0-0 24. Bd3 Ne5 25. Rh7 Rde8 26. Rah1 f5 27. Be2 f4 28. Bf2 Nc6 29. R1h6 Nd8 30. Bd3 Bf6 31. Bg6 Re7 32. Rxe7 Bxe7 33. Rh7 Bf6 34. Qe1 Rh8 35. Rxh8 Bxh8 36. Qh1 Bf6 37. Qh7 Ba4 38. Qh6 Qg7 39. Qh5 Bd7 40. Bg1 Kc7 41. Bf2 Nc6 42. Nxc6 Bxc6 43. Be8 e5 44. Bxc6 Kxc6 45. Qe8+ Qd7 46. Qg6 Qe6 47. Kf1 Kd6 48. b4 e4 49. Bc5+ Kd7 50. c4 exf3 0-1

[Event "Samara Polugaevsky Memorial 5th"]
[Site "Samara"]
[Date "2015.07.05"]
[Round "3"]
[White "Reshetnikov, Ruslan"]
[Black "Filipenko, Alexander V"]
[Result "1/2-1/2"]
[WhiteElo "2068"]
[BlackElo "2297"]
[PlyCount "63"]
[EventDate "2015.07.03"]
[EventType "swiss"]
[EventRounds "9"]
[EventCountry "RUS"]
[SourceTitle "EXT 2017"]
[Source "ChessBase"]
[SourceDate "2016.10.25"]
[SourceVersion "1"]
[SourceVersionDate "2016.10.25"]
[SourceQuality "1"]

1. d4 Nf6 2. c4 g6 3. Nc3 Bg7 4. e4 d6 5. Be2 0-0 6. Nf3 e5 7. d5 a5 8. Bg5 h6 9. Be3 Ng4 10. Bc1 f5 11. exf5 gxf5 12. g3 Na6 13. 0-0 Nc5 14. Nh4 Rf7 15. f3 Nf6 16. f4 exf4 17. Rxf4 Nfe4 18. Nxe4 fxe4 19. Rxf7 Kxf7 20. Bg4 Qf6 21. Bxc8 Rxc8 22. Qg4 Rf8 23. Be3 Kg8 24. Rd1 Nd3 25. Qxe4 Nf2 26. Bxf2 Qxf2+ 27. Kh1 Qxb2 28. Qe6+ Kh7 29. Qe4+ Kg8 30. Qe6+ Kh7 31. Qe4+ Kg8 32. Qe6+ 1/2-1/2

[Event "Voronezh op-A 19th"]
[Site "Voronezh"]
[Date "2015.06.19"]
[Round "8"]
[White "Sergeeva, Natalia"]
[Black "Reshetnikov, Ruslan"]
[Result "1-0"]
[WhiteElo "2080"]
[BlackElo "2106"]
[PlyCount "125"]
[EventDate "2015.06.12"]
[EventType "swiss"]
[EventRounds "9"]
[EventCountry "RUS"]
[SourceTitle "CBM 167 Extra"]
[Source "ChessBase"]
[SourceDate "2015.09.14"]
[SourceVersion "1"]
[SourceVersionDate "2015.09.14"]
[SourceQuality "1"]

1. e4 e6 2. d4 d5 3. Nc3 Nf6 4. Bg5 Bb4 5. e5 h6 6. Bh4 g5 7. Bg3 Ne4 8. Nge2 c5 9. a3 Bxc3+ 10. Nxc3 Nxc3 11. bxc3 Qa5 12. Qd2 Bd7 13. h4 g4 14. Bf4 Nc6 15. Be3 Ne7 16. Bd3 c4 17. Be2 h5 18. Bg5 Nf5 19. 0-0 Ba4 20. Rfb1 Rb8 21. Rb4 Bc6 22. Qd1 Kd7 23. g3 Qc7 24. Qd2 a5 25. Rb2 b5 26. Rab1 Rb7 27. Kh2 Rhb8 28. f3 gxf3 29. Bxf3 Rh8 30. Qe2 Rbb8 31. Bxh5 Rbg8 32. g4 Ne7 33. Kh3 Ng6 34. Rf1 Kc8 35. Qf3 Be8 36. Qf6 Rh7 37. Kg3 Nf8 38. Kh3 a4 39. Rbb1 Ng6 40. Rbe1 Nf8 41. Qf3 Ng6 42. Qe3 Nf8 43. Rf3 Ng6 44. Ref1 Nf8 45. Rf6 Qd7 46. Rh6 Rgh8 47. Rxh7 Rxh7 48. Qf3 Qc7 49. Qf6 Qd7 50. Qf3 Qc7 51. Bf6 Nd7 52. g5 Nf8 53. Bg4 Kb7 54. Kg3 Qd7 55. h5 Qc7 56. Kf4 Qd7 57. Ke3 Qc7 58. Rg1 Qd7 59. Rg3 Qc7 60. Qg2 Qd7 61. Be2 Ng6 62. hxg6 fxg6 63. Bg4 1-0

[Event "Voronezh op-A 19th"]
[Site "Voronezh"]
[Date "2015.06.18"]
[Round "7"]
[White "Reshetnikov, Ruslan"]
[Black "Gritsenko, Vladimir"]
[Result "1/2-1/2"]
[WhiteElo "2106"]
[BlackElo "2211"]
[PlyCount "81"]
[EventDate "2015.06.12"]
[EventType "swiss"]
[EventRounds "9"]
[EventCountry "RUS"]
[SourceTitle "CBM 167 Extra"]
[Source "ChessBase"]
[SourceDate "2015.09.14"]
[SourceVersion "1"]
[SourceVersionDate "2015.09.14"]
[SourceQuality "1"]

1. d4 g6 2. Nf3 Bg7 3. c4 c5 4. d5 d6 5. e4 Nf6 6. Nc3 0-0 7. Be2 e6 8. 0-0 Re8 9. Qc2 exd5 10. cxd5 a6 11. a4 Bg4 12. h3 Bxf3 13. Bxf3 Nbd7 14. Re1 Qc7 15. Bf4 c4 16. Be2 Rac8 17. a5 Nc5 18. Bxc4 Ncxe4 19. Nxe4 Nxe4 20. Rxe4 Rxe4 21. Qxe4 Qxc4 22. Qxc4 Rxc4 23. Bxd6 Bxb2 24. Re1 Rc1 25. Rxc1 Bxc1 26. Kf1 Bd2 27. Bc7 Kf8 28. Ke2 Bb4 29. Kd3 Ke8 30. Kc4 Be1 31. f3 Bf2 32. Bd6 b5+ 33. axb6 Bxb6 34. Bb4 Kd7 35. Ba3 Bc7 36. Bb4 Bb6 37. Bd2 Bf2 38. Ba5 h5 39. Bd2 Bb6 40. Be1 Bd8 41. Bg3 1/2-1/2

[Event "St Petersburg Intellectual"]
[Site "St Petersburg"]
[Date "2014.11.10"]
[Round "2"]
[White "Reshetnikov, Ruslan"]
[Black "Timerkhanov, Alexander"]
[Result "1/2-1/2"]
[WhiteElo "2111"]
[BlackElo "2305"]
[PlyCount "62"]
[EventDate "2014.11.10"]
[EventType "tourn"]
[EventRounds "9"]
[EventCountry "RUS"]
[EventCategory "3"]
[SourceTitle "CBM 163 Extra"]
[Source "ChessBase"]
[SourceDate "2014.12.23"]
[SourceVersion "1"]
[SourceVersionDate "2014.12.23"]
[SourceQuality "1"]

1. d4 Nf6 2. c4 c5 3. Nf3 cxd4 4. Nxd4 b6 5. Nc3 Bb7 6. f3 a6 7. e4 d6 8. Be2 e6 9. Be3 Nbd7 10. 0-0 Be7 11. a4 Rc8 12. a5 bxa5 13. Nb3 0-0 14. Nxa5 Qc7 15. b4 Ra8 16. Qd2 Rfb8 17. Rfb1 Ne5 18. Kh1 Bc6 19. Bd4 Nfd7 20. Nd1 Bd8 21. Qc3 g6 22. Nf2 g5 23. Rc1 h6 24. Qd2 Nf8 25. Bxe5 dxe5 26. c5 Bb5 27. Bc4 Be7 28. Qe2 Be8 29. Nd3 Ng6 30. g3 h5 31. Nb3 Bb5 1/2-1/2

[Event "RUS-chT U20 active"]
[Site "Kolomna"]
[Date "2014.08.11"]
[Round "8"]
[White "Reshetnikov, Ruslan"]
[Black "Vavulin, Maksim"]
[Result "1-0"]
[WhiteElo "2009"]
[BlackElo "2393"]
[PlyCount "165"]
[EventDate "2014.08.11"]
[EventType "swiss"]
[EventRounds "9"]
[EventCountry "RUS"]
[SourceTitle "EXT 2016"]
[Source "ChessBase"]
[SourceDate "2015.10.08"]
[SourceVersion "1"]
[SourceVersionDate "2015.10.08"]
[SourceQuality "1"]

1. d4 g6 2. Nf3 Bg7 3. c4 d6 4. e4 Bg4 5. Be2 Nc6 6. Be3 e5 7. d5 Bxf3 8. Bxf3 Nd4 9. Nd2 Ne7 10. Nb3 Nxf3+ 11. Qxf3 f5 12. Bg5 0-0 13. Bxe7 Qxe7 14. 0-0 Qh4 15. Rae1 Rf7 16. Qg3 Qh5 17. Nd2 Kh8 18. Nf3 Bf6 19. h3 Raf8 20. Re2 Qh6 21. Ree1 Qg7 22. Re2 Rg8 23. h4 Qh6 24. Ree1 Rgf8 25. Re2 Qh5 26. Ree1 Be7 27. Re2 h6 28. Ree1 Kh7 29. Re2 Bd8 30. Ree1 fxe4 31. Rxe4 Rf4 32. Rfe1 Qf5 33. Rxf4 exf4 34. Qh3 Qxh3 35. gxh3 Bf6 36. b3 Kg7 37. Re4 g5 38. hxg5 hxg5 39. Kg2 Kg6 40. Nh2 Kf5 41. f3 Be5 42. Ng4 Rc8 43. Nh6+ Kg6 44. Ng4 Kf5 45. Nh6+ Kg6 46. Ng4 Re8 47. Re2 Re7 48. Re1 c6 49. dxc6 bxc6 50. Re2 Bf6 51. Rxe7 Bxe7 52. Kf2 Bf8 53. Kf1 Bg7 54. Kf2 Bd4+ 55. Kf1 d5 56. Ke2 Kh5 57. cxd5 cxd5 58. Kd3 Bg7 59. b4 Kh4 60. a4 Bf8 61. b5 Bc5 62. Ke2 Kxh3 63. Nf6 d4 64. Ne4 Be7 65. a5 Bd8 66. b6 Bxb6 67. axb6 axb6 68. Nxg5+ Kg3 69. Kd3 Kh4 70. Ne4 Kh3 71. Kxd4 Kg2 72. Ng5 b5 73. Kc5 Kg3 74. Kxb5 Kh4 75. Ne4 Kh3 76. Kc4 Kg2 77. Ng5 Kg3 78. Kd3 Kh4 79. Ne4 Kh3 80. Ke2 Kg2 81. Nf6 Kh3 82. Kd3 Kg3 83. Ke4 1-0

[Event "RUS-chT U20"]
[Site "Kolomna"]
[Date "2014.08.08"]
[Round "7"]
[White "Reshetnikov, Ruslan"]
[Black "Yeletsky, Ivan"]
[Result "0-1"]
[WhiteElo "2009"]
[BlackElo "2209"]
[PlyCount "88"]
[EventDate "2014.08.02"]
[EventType "swiss"]
[EventRounds "9"]
[EventCountry "RUS"]
[SourceTitle "EXT 2016"]
[Source "ChessBase"]
[SourceDate "2015.10.08"]
[SourceVersion "1"]
[SourceVersionDate "2015.10.08"]
[SourceQuality "1"]

1. d4 Nf6 2. c4 g6 3. Nc3 d5 4. cxd5 Nxd5 5. e4 Nxc3 6. bxc3 Bg7 7. Be3 c5 8. Qd2 0-0 9. Rc1 Qa5 10. Nf3 Rd8 11. d5 Na6 12. Be2 e6 13. 0-0 exd5 14. exd5 Bf5 15. Bh6 Bh8 16. Bf4 Re8 17. Bd3 Bxd3 18. Qxd3 Qxa2 19. d6 Qe2 20. Qxe2 Rxe2 21. Rb1 b6 22. d7 Bxc3 23. Bg5 f6 24. Rfd1 Rd8 25. Be3 Nb8 26. Rd3 Bd4 27. Nxd4 cxd4 28. Rxd4 Rxd7 29. Rc4 Rb2 30. Re1 Kg7 31. h4 h5 32. Rc8 Na6 33. Ra1 Nb4 34. Ra8 Nc6 35. Rc1 Ne7 36. Ra1 Nc6 37. Rc1 Ne5 38. g3 Kf7 39. Rcc8 Ke6 40. Rf8 Rb1+ 41. Kg2 Rdd1 42. Rae8+ Kf5 43. f4 Rb2+ 44. Bf2 Nd3 0-1

[Event "RUS-chT U20"]
[Site "Kolomna"]
[Date "2014.08.07"]
[Round "6"]
[White "Karpenko, Artem"]
[Black "Reshetnikov, Ruslan"]
[Result "1-0"]
[WhiteElo "2107"]
[BlackElo "2009"]
[PlyCount "77"]
[EventDate "2014.08.02"]
[EventType "swiss"]
[EventRounds "9"]
[EventCountry "RUS"]
[SourceTitle "EXT 2016"]
[Source "ChessBase"]
[SourceDate "2015.10.08"]
[SourceVersion "1"]
[SourceVersionDate "2015.10.08"]
[SourceQuality "1"]

1. e4 d6 2. d4 Nf6 3. Nc3 e5 4. Nf3 Nbd7 5. Bc4 Be7 6. 0-0 0-0 7. Qe2 c6 8. Rd1 Nxe4 9. Qxe4 d5 10. Nxd5 cxd5 11. Qxd5 Qc7 12. Bb3 Nf6 13. Qc4 Qxc4 14. Bxc4 exd4 15. Nxd4 Bd7 16. Bf4 Rac8 17. Bb3 Bc5 18. c3 b5 19. f3 a5 20. a3 Rfe8 21. Kf1 b4 22. axb4 axb4 23. c4 Nh5 24. Bc1 h6 25. Bc2 Nf6 26. b3 Bd6 27. h3 Nh5 28. Ne2 Re6 29. Ra5 g6 30. Rad5 Rce8 31. Be4 f5 32. Rxd6 fxe4 33. Rxd7 exf3 34. Nf4 Ng3+ 35. Kf2 Ne4+ 36. Kxf3 Re5 37. Rd8 Ng5+ 38. Kf2 Ne4+ 39. Kg1 1-0

[Event "Chigorin Memorial 21st"]
[Site "St Petersburg"]
[Date "2013.10.10"]
[Round "6"]
[White "Reshetnikov, Ruslan"]
[Black "Kartsev, Evgeni"]
[Result "1-0"]
[WhiteElo "1878"]
[BlackElo "2067"]
[PlyCount "50"]
[EventDate "2013.10.05"]
[EventType "swiss"]
[EventRounds "9"]
[EventCountry "RUS"]
[SourceTitle "CBM 156 Extra"]
[Source "ChessBase"]
[SourceDate "2013.10.22"]
[SourceVersion "1"]
[SourceVersionDate "2013.10.22"]
[SourceQuality "1"]

1. d4 Nf6 2. c4 g6 3. Nc3 d5 4. Bf4 Bg7 5. e3 0-0 6. Nf3 c5 7. dxc5 Qa5 8. Rc1 Ne4 9. cxd5 Nxc3 10. Qd2 Qxa2 11. bxc3 Qa3 12. Be2 Qxc5 13. 0-0 b5 14. Nd4 a6 15. c4 bxc4 16. Bxc4 Qa7 17. Ba2 Bxd4 18. exd4 Nd7 19. d6 a5 20. dxe7 Re8 21. Bd6 Kg7 22. Rc3 Nf6 23. Rf3 Rxe7 24. Qg5 Ne4 25. Qxe7 Qxe7 1-0

[Event "Chigorin Memorial 21st"]
[Site "St Petersburg"]
[Date "2013.10.08"]
[Round "4"]
[White "Reshetnikov, Ruslan"]
[Black "Nechaeva, Marina"]
[Result "0-1"]
[WhiteElo "1878"]
[BlackElo "2359"]
[PlyCount "54"]
[EventDate "2013.10.05"]
[EventType "swiss"]
[EventRounds "9"]
[EventCountry "RUS"]
[SourceTitle "CBM 156 Extra"]
[Source "ChessBase"]
[SourceDate "2013.10.22"]
[SourceVersion "1"]
[SourceVersionDate "2013.10.22"]
[SourceQuality "1"]

1. d4 d5 2. c4 c6 3. Nc3 Nf6 4. Nf3 e6 5. e3 Nbd7 6. Bd3 dxc4 7. Bxc4 b5 8. Bd3 Bb7 9. e4 b4 10. Na4 c5 11. e5 Nd5 12. Nxc5 Nxc5 13. dxc5 Bxc5 14. 0-0 h6 15. Qe2 Qb6 16. Bd2 Rc8 17. Rac1 Ke7 18. Rc2 a5 19. Rfc1 Rhd8 20. g3 a4 21. Be1 b3 22. axb3 axb3 23. Rc4 Ba6 24. Rg4 Bxd3 25. Qxd3 Bxf2+ 26. Bxf2 Rxc1+ 27. Kg2 Nf4+ 0-1

[Event "Abaza op"]
[Site "Abaza"]
[Date "2012.07.25"]
[Round "5"]
[White "Tikhomirov, Alexey"]
[Black "Reshetnikov, Ruslan"]
[Result "1-0"]
[WhiteElo "2195"]
[BlackElo "1769"]
[PlyCount "67"]
[EventDate "2012.07.21"]
[EventType "swiss"]
[EventRounds "9"]
[EventCountry "RUS"]
[SourceTitle "CBM 149 Extra"]
[Source "ChessBase"]
[SourceDate "2012.08.24"]
[SourceVersion "1"]
[SourceVersionDate "2012.08.24"]
[SourceQuality "1"]

1. d4 d6 2. c4 e5 3. Nf3 e4 4. Nfd2 f5 5. e3 Nf6 6. Nc3 Be7 7. b4 0-0 8. a4 c5 9. b5 cxd4 10. exd4 Ng4 11. h3 e3 12. hxg4 exd2+ 13. Bxd2 Bf6 14. Be3 Re8 15. gxf5 Bxf5 16. Be2 Nd7 17. Qd2 Rc8 18. a5 Nf8 19. g4 Be6 20. g5 Be7 21. Ra4 Qc7 22. Kd1 d5 23. c5 b6 24. axb6 axb6 25. c6 Ra8 26. Qa2 Rxa4 27. Qxa4 Qd8 28. Rg1 Qa8 29. Kc2 Qxa4+ 30. Nxa4 Ra8 31. Kb3 Bf5 32. Nxb6 Ra3+ 33. Kb2 Be6 34. c7 1-0

[Event "Abaza op"]
[Site "Abaza"]
[Date "2012.07.24"]
[Round "4"]
[White "Reshetnikov, Ruslan"]
[Black "Khegay, Dmitriy"]
[Result "1/2-1/2"]
[WhiteElo "1769"]
[BlackElo "2199"]
[PlyCount "62"]
[EventDate "2012.07.21"]
[EventType "swiss"]
[EventRounds "9"]
[EventCountry "RUS"]
[SourceTitle "CBM 149 Extra"]
[Source "ChessBase"]
[SourceDate "2012.08.24"]
[SourceVersion "1"]
[SourceVersionDate "2012.08.24"]
[SourceQuality "1"]

1. d4 d5 2. c4 c6 3. cxd5 cxd5 4. Nc3 Nf6 5. Nf3 Nc6 6. Bf4 a6 7. e3 Bg4 8. Be2 e6 9. Ne5 Bxe2 10. Qxe2 Rc8 11. 0-0 Bb4 12. Rac1 0-0 13. Nd3 Be7 14. Rc2 Nd7 15. Rfc1 Nb6 16. Nb1 Nc4 17. Nd2 Qa5 18. Nxc4 dxc4 19. Rxc4 Qxa2 20. h3 Qa5 21. Qg4 Na7 22. Be5 g6 23. Nc5 Nc6 24. Bf4 Qb5 25. Nxe6 h5 26. Qg3 Nxd4 27. Rxc8 Nxe6 28. Rxf8+ Bxf8 29. Be5 h4 30. Qh2 Nc5 31. Bd4 Nd3 1/2-1/2

[Event "Abaza op"]
[Site "Abaza"]
[Date "2012.07.23"]
[Round "3"]
[White "Tunik, Sergey"]
[Black "Reshetnikov, Ruslan"]
[Result "1/2-1/2"]
[WhiteElo "2072"]
[BlackElo "1769"]
[PlyCount "86"]
[EventDate "2012.07.21"]
[EventType "swiss"]
[EventRounds "9"]
[EventCountry "RUS"]
[SourceTitle "CBM 149 Extra"]
[Source "ChessBase"]
[SourceDate "2012.08.24"]
[SourceVersion "1"]
[SourceVersionDate "2012.08.24"]
[SourceQuality "1"]

1. d4 d6 2. Nf3 Nf6 3. c4 g6 4. Nc3 Bg7 5. e4 0-0 6. Be2 e5 7. 0-0 Na6 8. Re1 c6 9. Bf1 exd4 10. Nxd4 Ng4 11. h3 Qb6 12. Nce2 Ne5 13. b3 Nb4 14. Be3 c5 15. a3 Ned3 16. Nc2 Nxc2 17. Qxc2 Nxe1 18. Rxe1 Qc6 19. g3 b6 20. Bg2 Bb7 21. Nf4 Qc7 22. Qd3 Rfe8 23. Nd5 Bxd5 24. Qxd5 Rad8 25. Rd1 Re5 26. Qd3 h6 27. h4 Ree8 28. Bf4 Kh7 29. Qd2 Qd7 30. Qc1 Qe7 31. Rd5 Qf8 32. Be3 a6 33. a4 Rb8 34. Qd2 Red8 35. Bf1 Be5 36. Kg2 Bg7 37. Be2 Qe7 38. f3 Qf6 39. Bf4 Qb2 40. Qxb2 Bxb2 41. Bxd6 Rb7 42. f4 Bd4 43. e5 h5 1/2-1/2